Statistics for Countries with Five Guys Burgers

Click here to take the quiz!

General Stats

  • This quiz has been taken 28 times
  • The average score is 10 of 15

Answer Stats

Country% Correct
France
100%
United Kingdom
100%
United States
100%
Germany
96%
Spain
92%
Canada
88%
Italy
80%
China (Hong Kong)
76%
Netherlands
76%
Ireland
68%
United Arab Emirates
40%
Saudi Arabia
32%
Qatar
28%
Kuwait
24%
Luxembourg
4%

Score Distribution

Percentile by Number Answered

Percent of People with Each Score

Your Score History

You have not taken this quiz